Quizzes
Events
Quiz Creation
Community
Videos
Private Events
Remove Ads
Sign In
Join for FREE
Feedback
Dark Mode
Quiz Categories
Sports
Geography
Music
Movies
Television
Just For Fun
Miscellaneous
History
Literature
Language
Science
Gaming
Entertainment
Religion
Holiday
For Kids
Quiz Lab
Recent
Popular Today
Quiz Kudos Today
Editor Picks
Curator Picks
Quizzes by...
Day
Popularity
Type
Ratings
Length
Year
Community
Subscriptions
Recent Discussions
Orange Saloon
Badges
Playlists
Quests
Create
Leaderboards
Showdown
Live 5
Trivia Bingo
Activity
Puzzle Library
Sporcle Events
Private Events
Virtual Trivia
Globe League
Become a Host
Pub Owners
SporcleCon
Opinionation
Our Games
Videos
Blog
Mobile Apps
Partnerships
Remove Ads and Go Orange
Feedback
Literature
Harry Potter
A Song of Ice and Fire
The Hunger Games
Literary Character
Shakespeare
Book
Author
Novel
Poem
Young Adult
Children's Books
Play
Lord of the Rings
Literature
Harry Potter
A Song of Ice and Fire
The Hunger Games
Literary Character
Shakespeare
Book
Author
Novel
Poem
Young Adult
Children's Books
Play
Lord of the Rings
Random Quiz
Search Sporcle
×
Quiz Lab
Quiz Lab
Literature
Harry Potter
Type in answers that appear in a list
Type in answers that appear in a list
Classic
Best Score? Go Orange.
First and Last Letters: Harry Potter Part II Stats
Can you name the Harry Potter related things from the first and last letters of each word ?
By
tombom321
6m
20 Questions
115 Plays
115 Plays
115 Plays
Comments
Comments
Give Quiz Kudos
Give Quiz Kudos
-
- Ratings
hide this ad
Replay
Link that replays current quiz
Next Quiz
Link to next quiz in quiz playlist
You Got
0%
They Got
Avg Score
59%
Avg Friend Score
Upgrade to see
Score Distribution
Jump to the score distribution portion of the page
Score
0/20
Timer
06:00
0
Plays Today
Letters
Answer
% Correct
Dy Dy
Dudley Dursley
84.3%
Ly ad Js Pr
Lily and James Potter
83.5%
Ss Se
Severus Snape
79.1%
Gt of Fe
Goblet of Fire
78.3%
Gc Gr, Sr Sn, Ra Rw ad Ha Hf
Godric Gryffindor, Salazar Slytherin, Rowena Ravenclaw, and Helga Hufflepuff
73%
My of Mc
Ministry of Magic
72.2%
Kn Ay
Knockturn Alley
71.3%
Sd of Gc Gr
Sword of Godric Gryffindor
71.3%
Hy
Herbology
67%
Wd Cs
Wizard Chess
66.1%
Letters
Answer
% Correct
Ma Ml
Minerva McGonagall
64.3%
Ao ad As Cw
Alecto and Amycus Carrow
63.5%
Bs Ay of Mc
Beauxbatons Academy of Magic
59.1%
Wg Ww
Whomping Willow
55.7%
St M's Hl fr Ml Ms ad Is
St Mungo's Hospital for Magical Maladies and Injuries
54.8%
P's Se
Philosopher's Stone
47.8%
Rn Se
Resurrection Stone
28.7%
Te Bs
Three Broomsticks
27.8%
Oe Td Ml Hs ad Fi
One Thousand Magical Herbs and Fungi
27.8%
Ce Fg
Chocolate Frog
23.5%
Quiz Playlist
Details
Report
Send in Message
Add To Playlist
Classic:
Type in answers that appear in a list
Last Updated: Feb 16, 2017
Quiz Scoreboard
CHALLENGE
Sign Up to Join the Scoreboard
Show All
Scores
Hide
Comments
May contain spoilers
Recently Published
An Introduction to Baseball
by treessimontrees
Sports
5m
Movies - When Are They Set?
by FPL_Elf
Movies
5m
Popular People in 1961
by mucciniale
History
6m
More to Explore
Quiz From the Vault
Featured Blog Post
Where Did the Easter Bunny Come From?
hide this ad
You Might Also Like...
Tags
Harry Potter Quiz
Letter Quiz
Category
last
Last Letter
Related
Today's Top Quizzes in Literature
Browse Literature
hide this ad
Today's Top Quizzes in Harry Potter
Browse Harry Potter
Top Contributed Quizzes in Literature
1
Sneaky Slytherin Logic Puzzle
2
One Thing in Common: Literature
3
Get The Picture: Black or White Literature
4
One Thing in Common: Literature 3
5
Harry Potter Neighbourly Logic Puzzle #3
6
One Thing in Common: Literature II
7
One Thing in Common: Books
8
Harry Potter Neighbourly Logic Puzzle #5
9
Weasley Family Reunion: Logic Puzzle
10
7 to 1: Literature by Subcategory
Explore More
Trending Topics
Kpop
Anime
Disney
Crossword
Harry Potter
NBA
Marvel
The Office
NFL
Pokémon
Puzzle
Song
Soccer
Country
WWE
hide this ad
More By:
tombom321
Quiz
Plays
Rating
Category
Featured
Created
Harry Potter: First 300 Characters
3,937
4.73
Literature
Aug 21, 2012
The Vampire Diaries Characters
2,150
3.50
Television
Aug 16, 2012
Game of Thrones Trivia
1,804
1.88
Literature
Aug 1, 2013
Game of Thrones Clickable
1,652
4.71
Literature
Jan 3, 2014
'A Song of Ice and Fire' First 200 Characters
1,291
4.75
Literature
May 17, 2014
Go to Creator's Profile
Score Distribution
Quiz Creator Spotlight
tombom321
Follow
Send a Message
Quizzes Created
-
Created Quiz Play Count
-
More By This Creator
Popular Quizzes Today
1
Find the Countries of Europe - No Outlines Minefield
2
Find the US States - No Outlines Minefield
3
The Countries of the World
4
Popular People in 1961
5
US States
6
Find the US States
7
1-10 Letter E Words III
8
Risky Map Clicking: Biggest States A-Z
More Literature Quizzes
Harry Potter Grab Bag
Published
Trending Quizzes
Risky Map Clicking: Least Populous States A-Z
1-10 Letter F Words
1-10 Letter G Words
Not Quite an Element Typing Challenge
One Thing in Common: United Kingdom
Recently Updated
Leaping Animals
pecheneg
Reality TV Shows (A-Z)
bhenderson79
Rickey Henderson's Hall of Fame Teammates
pecheneg
Champions League XIs: Arsenal
pecheneg
Quick Pick: Celebrities in WWE's Hall of Fame
aduchscher
A-Z Keypad Blitz II
pecheneg
Multiple Oscar Actors
pecheneg
Mystery Phrase Blitz: Oscar 'Best Actors'
pecheneg
F. Scott Fitzgerald Novels
LTH
Pick 3 Villains
ddd62291
Trending Topics
Disney
Marvel
Harry Potter
Kpop
Anime
Crossword
NBA
Country
Pokémon
NFL
The Office
Soccer
Song
Puzzle
WWE
Your Account Isn't Verified!
In order to create a playlist on Sporcle, you need to verify the email address you used during registration. Go to your
Sporcle Settings
to finish the process.
Report this User
Report this user for behavior that violates our
Community Guidelines
.
Details:
Send Report
Go to the Sporcle.com Mobile Site →
Comments